Para llegar a tiempo: apuntes sobre la regulación del financiamiento político en América Latina /

La democracia no tiene precio pero sí un costo financiero. Más que una patología de la democracia, el financiamiento político es parte de su vida normal. Sin embargo, si no se encuentra adecuadamente regulado, introduce serias distorsiones en la democracia en la medida en que puede limitar la compet...

Полное описание

Сохранить в:
Библиографические подробности
Главный автор: Casas, Kevin
Другие авторы: Zovatto, Daniel
Формат: Текст
Предметы:
Метки: Добавить метку
Нет меток, Требуется 1-ая метка записи!

MARC

LEADER 00000 a a2200000 04500
001 40517
003
040
100 |a Casas, Kevin  
245 |a Para llegar a tiempo:   |b apuntes sobre la regulación del financiamiento político en América Latina /  |c Kevin Casas ; Daniel Zovatto  
520 |a La democracia no tiene precio pero sí un costo financiero. Más que una patología de la democracia, el financiamiento político es parte de su vida normal. Sin embargo, si no se encuentra adecuadamente regulado, introduce serias distorsiones en la democracia en la medida en que puede limitar la competitividad y conferir a ciertos individuos o grupos una posibilidad diferenciada de participar en las elecciones y ejercer su influencia. En este marco, el artículo analiza, a la luz de la experiencia latinoamericana, los riesgos que genera la ausencia de controles al financiamiento político, para luego sugerir algunas líneas imprescindibles para avanzar en una regulación más efectiva.  
590 |a DISEMINAR102011/RRA/NOVIEMBRE2011  
650 |a DEMOCRACIA  
650 |a FINANCIAMIENTO  
650 |a PARTIDOS POLITICOS  
650 |a PODER POLITICO  
650 |a ELECCIONES  
650 |a AMERICA LATINA  
700 |a Zovatto, Daniel  
773 |g número225 (2010), páginas 48-67  
999 |c 21517  |d 21517